[Event "MAS-ch (Women)"]
[Site "Pontian"]
[Date "2024.04.22"]
[Round "2"]
[White "Azhar, Puteri Rifqah Fahad"]
[Black "Abd Aziz, A Dira A Ddawiyah"]
[Result "1-0"]
[WhiteElo "1969"]
[BlackElo "1665"]
[PlyCount "91"]
[EventDate "2024.04.21"]
[EventType "swiss"]
[EventRounds "9"]
[EventCountry "MAS"]
[SourceTitle "EXT 2025"]
[Source "ChessBase"]
[SourceDate "2024.10.14"]
[SourceVersion "1"]
[SourceVersionDate "2024.10.14"]
[SourceQuality "1"]

1. e4 Nc6 2. Nf3 e5 3. Bc4 h6 4. d3 Nf6 5. Nc3 Bb4 6. 0-0 0-0 7. Nd5 Bc5 8. Be3 Bb6 9. a4 d6 10. Qe1 Nxd5 11. Bxd5 Ne7 12. Bb3 c6 13. Kh1 Ng6 14. Qd2 Bc7 15. Ng1 d5 16. exd5 cxd5 17. Bc5 Re8 18. a5 Re6 19. Ne2 Nf4 20. Nxf4 exf4 21. f3 Rg6 22. Rfe1 Be6 23. Qb4 Qc8 24. Qd4 Rg5 25. Bxa7 Bd6 26. Bb6 Rh5 27. c4 Bb4 28. Re2 dxc4 29. Bxc4 Bxc4 30. Qxc4 Qxc4 31. dxc4 Rc8 32. b3 Bc3 33. Raa2 Rc6 34. h3 Rd6 35. Bc7 Rd1+ 36. Kh2 Rf5 37. Bb6 Rb1 38. a6 bxa6 39. Rxa6 Rxb3 40. Bf2 Bb4 41. Rb6 g5 42. Re8+ Kh7 43. Reb8 Bc5 44. Bxc5 Rd3 45. Rd6 Rc3 46. Bd4 1-0

[Event "Wch FIDE Online U14 Girls Asia qual"]
[Site "Tornelo INT"]
[Date "2020.12.12"]
[Round "4"]
[White "Boramanikar, Tanisha S"]
[Black "Abd Aziz, A Dira A Ddawiyah"]
[Result "1/2-1/2"]
[WhiteElo "1670"]
[BlackElo "1372"]
[PlyCount "74"]
[EventDate "2020.12.11"]
[EventType "swiss (rapid)"]
[EventRounds "7"]
[EventCountry "ISS"]
[SourceTitle "EXT 2022"]
[Source "ChessBase"]
[SourceDate "2021.10.06"]
[SourceVersion "1"]
[SourceVersionDate "2021.10.06"]
[SourceQuality "1"]

1. e4 c5 2. d4 cxd4 3. c3 dxc3 4. Nxc3 d6 5. Bc4 Nc6 6. Nf3 e6 7. 0-0 Be7 8. Qe2 Nf6 9. Rd1 e5 10. h3 0-0 11. Be3 Be6 12. Bxe6 fxe6 13. b4 a6 14. a3 b5 15. Rac1 Rc8 16. Ng5 Qd7 17. Qa2 Nd8 18. Bb6 Re8 19. f4 h6 20. Nf3 Qb7 21. Bxd8 Bxd8 22. Rxd6 Bb6+ 23. Kh2 Be3 24. Rxe6 Rxe6 25. Qxe6+ Kh8 26. Rc2 Nxe4 27. Nxe4 Bxf4+ 28. Kg1 Rxc2 29. Nc5 Be3+ 30. Kf1 Bxc5 31. bxc5 Qe4 32. Qe8+ Kh7 33. Ng5+ hxg5 34. Qh5+ Kg8 35. Qe8+ Kh7 36. Qh5+ Kg8 37. Qe8+ Kh7 1/2-1/2

[Event "Wch FIDE Online U14 Girls Asia qual"]
[Site "Tornelo INT"]
[Date "2020.12.11"]
[Round "1"]
[White "Abd Aziz, A Dira A Ddawiyah"]
[Black "Chong, Kai Ni Agnes"]
[Result "1/2-1/2"]
[WhiteElo "1372"]
[BlackElo "1892"]
[PlyCount "288"]
[EventDate "2020.12.11"]
[EventType "swiss (rapid)"]
[EventRounds "7"]
[EventCountry "ISS"]
[SourceTitle "EXT 2022"]
[Source "ChessBase"]
[SourceDate "2021.10.06"]
[SourceVersion "1"]
[SourceVersionDate "2021.10.06"]
[SourceQuality "1"]

1. g3 d5 2. Bg2 Nf6 3. d4 Bf5 4. c4 c6 5. Nc3 e6 6. cxd5 cxd5 7. Nf3 Nc6 8. 0-0 Be7 9. a3 0-0 10. Nh4 Bg6 11. Nxg6 hxg6 12. e3 Rc8 13. Bd2 Na5 14. Ne2 Nc4 15. Bc3 Ne4 16. Qd3 Nxc3 17. bxc3 Nxa3 18. Ra2 a6 19. Rb2 Nb5 20. e4 Qd7 21. exd5 exd5 22. Rb3 g5 23. Rfb1 Bf6 24. f4 Rfe8 25. Rf1 Qe6 26. Nc1 g4 27. Kh1 b6 28. Na2 Rc4 29. Nb4 Rd8 30. Nxd5 Rcc8 31. Nxf6+ Qxf6 32. Ra1 Qe6 33. d5 Qe7 34. c4 Nd6 35. Rc1 Qc7 36. Rbc3 Qc5 37. Bf1 Re8 38. Kg2 Ne4 39. R3c2 f5 40. Kh1 Nf2+ 41. Rxf2 Qxf2 42. Qc2 Qxc2 43. Rxc2 Re1 44. Kg2 Rce8 45. Rb2 Rb8 46. c5 b5 47. c6 Rc8 48. Rd2 Ree8 49. Ra2 Ra8 50. d6 Kf7 51. d7 Red8 52. Bd3 Ke6 53. Rc2 g6 54. Rc5 Kd6 55. Rc2 Kc7 56. h3 gxh3+ 57. Kxh3 b4 58. Bc4 a5 59. Ra2 a4 60. Bb5 b3 61. Rxa4 Rxa4 62. Bxa4 b2 63. Bc2 Kxc6 64. Kh4 Kxd7 65. Kg5 Rg8 66. Bb1 Rg7 67. Kf6 Rg8 68. Kf7 Re8 69. Kxg6 Ke6 70. Bxf5+ Ke7 71. Kg5 Rg8+ 72. Kh4 Kf6 73. Bb1 Rd8 74. g4 Rd1 75. Bc2 b1Q 76. Bxb1 Rxb1 77. Kg3 Kg6 78. Kf3 Rb3+ 79. Ke4 Rb4+ 80. Kf3 Rb1 81. Kg3 Rb8 82. Kf3 Rb4 83. Kg3 Rd4 84. Kf3 Rd3+ 85. Kg2 Kf6 86. Kf2 Rb3 87. Kg2 Ke6 88. Kf2 Kd5 89. f5 Ke5 90. Kg2 Kf4 91. f6 Kxg4 92. f7 Rb8 93. Kf2 Rf8 94. Ke3 Rxf7 95. Ke4 Re7+ 96. Kd5 Re1 97. Kd4 Kf3 98. Kd3 Rd1+ 99. Kc2 Rd8 100. Kc3 Ke2 101. Kc4 Ke3 102. Kc5 Ke4 103. Kc6 Rd1 104. Kc5 Rd2 105. Kc6 Ke5 106. Kc7 Ke6 107. Kc8 Ke7 108. Kc7 Rc2+ 109. Kb6 Kd6 110. Kb5 Rc1 111. Kb4 Kd5 112. Kb3 Rc8 113. Kb4 Rc7 114. Kb3 Kd4 115. Kb2 Kd3 116. Kb1 Kd2 117. Kb2 Rb7+ 118. Ka3 Kc2 119. Ka4 Kc3 120. Ka5 Rb1 121. Ka4 Kb2 122. Kb4 Kc2+ 123. Kc4 Rb3 124. Kd4 Rh3 125. Ke4 Kd2 126. Kf4 Rb3 127. Ke4 Ra3 128. Kf4 Ke2 129. Kg4 Kf2 130. Kh4 Kg2 131. Kg4 Ra4+ 132. Kg5 Kf3 133. Kf5 Ra5+ 134. Ke6 Kf4 135. Kd6 Rh5 136. Ke6 Ra5 137. Kd6 Ke4 138. Kc6 Kd4 139. Kb6 Rc5 140. Ka6 Kc4 141. Kb6 Kd5 142. Ka6 Rc2 143. Kb6 Rb2+ 144. Ka5 Kc4 1/2-1/2